Gaming Quiz

Random Gaming Quiz
Score 0/35 Timer 10:00
0 Plays Today
% Correct
Erhnam Djinn
87.5%
Juzam Djinn
83.3%
Djinn of Wishes
79.2%
Mahamoti Djinn
75%
Old Man of the Sea
75%
Waterspout Djinn
62.5%
Tidespout Tyrant
62.5%
Kookus
62.5%
Serendib Djinn
58.3%
Cloud Djinn
58.3%
Breezekeeper
50%
Nettletooth Djinn
50%
Aku Djinn
50%
Indentured Djinn
45.8%
Mijae Djinn
45.8%
Emberwilde Caliph
45.8%
Benthic Djinn
41.7%
Stratus Dancer
41.7%
% Correct
Djinn Illuminatus
41.7%
Riverwheel Aerialists
41.7%
Stormcloud Djinn
41.7%
Fledgling Djinn
37.5%
Soulblade Djinn
33.3%
Lotus Path Djinn
29.2%
Emberwilde Djinn
29.2%
Sage-Eye Avengers
25%
Vaporous Djinn
25%
Sage of the Inward Eye
25%
Drifting Djinn
25%
Monastery Loremaster
20.8%
Mistfire Weaver
20.8%
Silumgar Butcher
16.7%
Maelstrom Djinn
16.7%
Warden of the Eye
8.3%
Whirlwind Adept
8.3%
Remove Ads.
Support Sporcle.
Get the best of Sporcle when you Go Orange. This ad-free experience offers more features, more stats, and more fun while also helping to support Sporcle. Thank you for becoming a member.

You're not logged in!

Compare scores with friends on all Sporcle quizzes.
OR
Log In

You Might Also Like...

Show Comments

Extras

Top Quizzes Today


Score Distribution

Your Account Isn't Verified!

In order to create a playlist on Sporcle, you need to verify the email address you used during registration. Go to your Sporcle Settings to finish the process.

Report this User

Report this user for behavior that violates our Community Guidelines.

Details: